<?xml version="1.0" encoding="UTF-8"?>
<record
    xmlns:xsi="http://www.w3.org/2001/XMLSchema-instance"
    xsi:schemaLocation="http://www.loc.gov/MARC21/slim http://www.loc.gov/standards/marcxml/schema/MARC21slim.xsd"
    xmlns="http://www.loc.gov/MARC21/slim">

  <leader>00834cam a2200253 a 4500</leader>
  <controlfield tag="001">TB12140</controlfield>
  <controlfield tag="003">IN-BhIIT</controlfield>
  <controlfield tag="005">20250909180431.0</controlfield>
  <controlfield tag="008">071108s2008    njua     b    001 0 eng  </controlfield>
  <datafield tag="020" ind1=" " ind2=" ">
    <subfield code="a">9780131471221 (pbk.)</subfield>
  </datafield>
  <datafield tag="040" ind1=" " ind2=" ">
    <subfield code="a">IN-BhIIT</subfield>
  </datafield>
  <datafield tag="041" ind1=" " ind2=" ">
    <subfield code="a">eng</subfield>
  </datafield>
  <datafield tag="082" ind1="0" ind2="0">
    <subfield code="a">519.0246213</subfield>
    <subfield code="b">LEO/P</subfield>
  </datafield>
  <datafield tag="100" ind1="1" ind2=" ">
    <subfield code="a">Leon-Garcia, Alberto.</subfield>
    <subfield code="e">Author</subfield>
    <subfield code="9">24041</subfield>
  </datafield>
  <datafield tag="245" ind1="1" ind2="0">
    <subfield code="a">Probability, statistics, and random processes for electrical engineering /</subfield>
    <subfield code="c">by Alberto Leon-Garcia.</subfield>
  </datafield>
  <datafield tag="250" ind1=" " ind2=" ">
    <subfield code="a">3rd ed.</subfield>
  </datafield>
  <datafield tag="260" ind1=" " ind2=" ">
    <subfield code="a">Upper Saddle River, NJ :</subfield>
    <subfield code="b">Pearson/Prentice Hall,</subfield>
    <subfield code="c">c2008.</subfield>
  </datafield>
  <datafield tag="300" ind1=" " ind2=" ">
    <subfield code="a">xiv, 818 p. :</subfield>
    <subfield code="b">ill. ;</subfield>
    <subfield code="c">25 cm.</subfield>
  </datafield>
  <datafield tag="504" ind1=" " ind2=" ">
    <subfield code="a">Includes bibliographical references and index.</subfield>
  </datafield>
  <datafield tag="650" ind1=" " ind2="0">
    <subfield code="a">Electrical engineering</subfield>
    <subfield code="x">Mathematics.</subfield>
    <subfield code="9">25205</subfield>
  </datafield>
  <datafield tag="650" ind1=" " ind2="0">
    <subfield code="a">Probabilities.</subfield>
    <subfield code="9">26381</subfield>
  </datafield>
  <datafield tag="650" ind1=" " ind2="0">
    <subfield code="a">Stochastic processes.</subfield>
    <subfield code="9">1878</subfield>
  </datafield>
  <datafield tag="942" ind1=" " ind2=" ">
    <subfield code="c">TB</subfield>
    <subfield code="0">2</subfield>
  </datafield>
  <datafield tag="999" ind1=" " ind2=" ">
    <subfield code="c">14584</subfield>
    <subfield code="d">14584</subfield>
  </datafield>
  <datafield tag="952" ind1=" " ind2=" ">
    <subfield code="0">0</subfield>
    <subfield code="1">0</subfield>
    <subfield code="2">ddc</subfield>
    <subfield code="4">0</subfield>
    <subfield code="7">0</subfield>
    <subfield code="8">SES</subfield>
    <subfield code="a">CLIITBBS</subfield>
    <subfield code="b">CLIITBBS</subfield>
    <subfield code="d">2025-01-09</subfield>
    <subfield code="e">39</subfield>
    <subfield code="g">18166.25</subfield>
    <subfield code="l">0</subfield>
    <subfield code="p">TB12147</subfield>
    <subfield code="r">2025-01-09 00:00:00</subfield>
    <subfield code="v">24885.27</subfield>
    <subfield code="w">2025-01-09</subfield>
    <subfield code="y">TB</subfield>
  </datafield>
  <datafield tag="952" ind1=" " ind2=" ">
    <subfield code="0">0</subfield>
    <subfield code="1">0</subfield>
    <subfield code="2">ddc</subfield>
    <subfield code="4">0</subfield>
    <subfield code="7">0</subfield>
    <subfield code="8">SES</subfield>
    <subfield code="a">CLIITBBS</subfield>
    <subfield code="b">CLIITBBS</subfield>
    <subfield code="d">2025-01-09</subfield>
    <subfield code="e">39</subfield>
    <subfield code="g">18166.25</subfield>
    <subfield code="l">1</subfield>
    <subfield code="p">TB12154</subfield>
    <subfield code="r">2025-10-16 17:03:49</subfield>
    <subfield code="s">2025-09-09</subfield>
    <subfield code="v">24885.27</subfield>
    <subfield code="w">2025-01-09</subfield>
    <subfield code="y">TB</subfield>
  </datafield>
  <datafield tag="952" ind1=" " ind2=" ">
    <subfield code="0">0</subfield>
    <subfield code="1">0</subfield>
    <subfield code="2">ddc</subfield>
    <subfield code="4">0</subfield>
    <subfield code="7">0</subfield>
    <subfield code="8">SES</subfield>
    <subfield code="a">CLIITBBS</subfield>
    <subfield code="b">CLIITBBS</subfield>
    <subfield code="d">2025-01-09</subfield>
    <subfield code="e">39</subfield>
    <subfield code="g">18166.25</subfield>
    <subfield code="l">0</subfield>
    <subfield code="p">TB12148</subfield>
    <subfield code="r">2025-01-09 00:00:00</subfield>
    <subfield code="v">24885.27</subfield>
    <subfield code="w">2025-01-09</subfield>
    <subfield code="y">TB</subfield>
  </datafield>
  <datafield tag="952" ind1=" " ind2=" ">
    <subfield code="0">0</subfield>
    <subfield code="1">0</subfield>
    <subfield code="2">ddc</subfield>
    <subfield code="4">0</subfield>
    <subfield code="7">0</subfield>
    <subfield code="8">SES</subfield>
    <subfield code="a">CLIITBBS</subfield>
    <subfield code="b">CLIITBBS</subfield>
    <subfield code="d">2025-01-09</subfield>
    <subfield code="e">39</subfield>
    <subfield code="g">18166.25</subfield>
    <subfield code="l">0</subfield>
    <subfield code="p">TB12150</subfield>
    <subfield code="r">2025-01-09 00:00:00</subfield>
    <subfield code="v">24885.27</subfield>
    <subfield code="w">2025-01-09</subfield>
    <subfield code="y">TB</subfield>
  </datafield>
  <datafield tag="952" ind1=" " ind2=" ">
    <subfield code="0">0</subfield>
    <subfield code="1">0</subfield>
    <subfield code="2">ddc</subfield>
    <subfield code="4">0</subfield>
    <subfield code="7">0</subfield>
    <subfield code="8">SES</subfield>
    <subfield code="a">CLIITBBS</subfield>
    <subfield code="b">CLIITBBS</subfield>
    <subfield code="d">2025-01-09</subfield>
    <subfield code="e">39</subfield>
    <subfield code="g">18166.25</subfield>
    <subfield code="l">0</subfield>
    <subfield code="p">TB12149</subfield>
    <subfield code="r">2025-01-09 00:00:00</subfield>
    <subfield code="v">24885.27</subfield>
    <subfield code="w">2025-01-09</subfield>
    <subfield code="y">TB</subfield>
  </datafield>
  <datafield tag="952" ind1=" " ind2=" ">
    <subfield code="0">0</subfield>
    <subfield code="1">0</subfield>
    <subfield code="2">ddc</subfield>
    <subfield code="4">0</subfield>
    <subfield code="7">0</subfield>
    <subfield code="8">SES</subfield>
    <subfield code="a">CLIITBBS</subfield>
    <subfield code="b">CLIITBBS</subfield>
    <subfield code="d">2025-01-09</subfield>
    <subfield code="e">39</subfield>
    <subfield code="g">18166.25</subfield>
    <subfield code="l">0</subfield>
    <subfield code="o">519.20246213 LEO/P</subfield>
    <subfield code="p">TB12144</subfield>
    <subfield code="r">2025-01-09 00:00:00</subfield>
    <subfield code="v">24885.27</subfield>
    <subfield code="w">2025-01-09</subfield>
    <subfield code="y">RES</subfield>
  </datafield>
  <datafield tag="952" ind1=" " ind2=" ">
    <subfield code="0">0</subfield>
    <subfield code="1">0</subfield>
    <subfield code="2">ddc</subfield>
    <subfield code="4">0</subfield>
    <subfield code="7">0</subfield>
    <subfield code="8">SES</subfield>
    <subfield code="a">CLIITBBS</subfield>
    <subfield code="b">CLIITBBS</subfield>
    <subfield code="d">2025-01-09</subfield>
    <subfield code="e">39</subfield>
    <subfield code="g">18166.25</subfield>
    <subfield code="l">0</subfield>
    <subfield code="p">TB12145</subfield>
    <subfield code="r">2025-01-09 00:00:00</subfield>
    <subfield code="v">24885.27</subfield>
    <subfield code="w">2025-01-09</subfield>
    <subfield code="y">TB</subfield>
  </datafield>
  <datafield tag="952" ind1=" " ind2=" ">
    <subfield code="0">0</subfield>
    <subfield code="1">0</subfield>
    <subfield code="2">ddc</subfield>
    <subfield code="4">0</subfield>
    <subfield code="7">0</subfield>
    <subfield code="8">SES</subfield>
    <subfield code="a">CLIITBBS</subfield>
    <subfield code="b">CLIITBBS</subfield>
    <subfield code="d">2025-01-09</subfield>
    <subfield code="e">39</subfield>
    <subfield code="g">18166.25</subfield>
    <subfield code="l">0</subfield>
    <subfield code="p">TB12146</subfield>
    <subfield code="r">2025-01-09 00:00:00</subfield>
    <subfield code="v">24885.27</subfield>
    <subfield code="w">2025-01-09</subfield>
    <subfield code="y">TB</subfield>
  </datafield>
  <datafield tag="952" ind1=" " ind2=" ">
    <subfield code="0">0</subfield>
    <subfield code="1">0</subfield>
    <subfield code="2">ddc</subfield>
    <subfield code="4">0</subfield>
    <subfield code="7">0</subfield>
    <subfield code="8">SES</subfield>
    <subfield code="a">CLIITBBS</subfield>
    <subfield code="b">CLIITBBS</subfield>
    <subfield code="d">2025-01-09</subfield>
    <subfield code="e">39</subfield>
    <subfield code="g">18166.25</subfield>
    <subfield code="l">0</subfield>
    <subfield code="p">TB12153</subfield>
    <subfield code="r">2025-01-09 00:00:00</subfield>
    <subfield code="v">24885.27</subfield>
    <subfield code="w">2025-01-09</subfield>
    <subfield code="y">TB</subfield>
  </datafield>
  <datafield tag="952" ind1=" " ind2=" ">
    <subfield code="0">0</subfield>
    <subfield code="1">0</subfield>
    <subfield code="2">ddc</subfield>
    <subfield code="4">0</subfield>
    <subfield code="7">0</subfield>
    <subfield code="8">SES</subfield>
    <subfield code="a">CLIITBBS</subfield>
    <subfield code="b">CLIITBBS</subfield>
    <subfield code="d">2025-01-09</subfield>
    <subfield code="e">39</subfield>
    <subfield code="g">18166.25</subfield>
    <subfield code="l">0</subfield>
    <subfield code="p">TB12152</subfield>
    <subfield code="r">2025-01-09 00:00:00</subfield>
    <subfield code="v">24885.27</subfield>
    <subfield code="w">2025-01-09</subfield>
    <subfield code="y">TB</subfield>
  </datafield>
  <datafield tag="952" ind1=" " ind2=" ">
    <subfield code="0">0</subfield>
    <subfield code="1">0</subfield>
    <subfield code="2">ddc</subfield>
    <subfield code="4">0</subfield>
    <subfield code="7">0</subfield>
    <subfield code="8">SES</subfield>
    <subfield code="a">CLIITBBS</subfield>
    <subfield code="b">CLIITBBS</subfield>
    <subfield code="d">2025-01-09</subfield>
    <subfield code="e">39</subfield>
    <subfield code="g">18166.25</subfield>
    <subfield code="l">0</subfield>
    <subfield code="p">TB12151</subfield>
    <subfield code="r">2025-01-09 00:00:00</subfield>
    <subfield code="v">24885.27</subfield>
    <subfield code="w">2025-01-09</subfield>
    <subfield code="y">TB</subfield>
  </datafield>
  <datafield tag="952" ind1=" " ind2=" ">
    <subfield code="0">0</subfield>
    <subfield code="1">0</subfield>
    <subfield code="2">ddc</subfield>
    <subfield code="4">0</subfield>
    <subfield code="7">0</subfield>
    <subfield code="8">SES</subfield>
    <subfield code="a">CLIITBBS</subfield>
    <subfield code="b">CLIITBBS</subfield>
    <subfield code="d">2025-01-09</subfield>
    <subfield code="e">39</subfield>
    <subfield code="g">18161.96</subfield>
    <subfield code="l">0</subfield>
    <subfield code="p">TB12143</subfield>
    <subfield code="r">2025-01-09 00:00:00</subfield>
    <subfield code="v">24879.40</subfield>
    <subfield code="w">2025-01-09</subfield>
    <subfield code="y">TB</subfield>
  </datafield>
  <datafield tag="952" ind1=" " ind2=" ">
    <subfield code="0">0</subfield>
    <subfield code="1">0</subfield>
    <subfield code="2">ddc</subfield>
    <subfield code="4">0</subfield>
    <subfield code="7">0</subfield>
    <subfield code="8">SES</subfield>
    <subfield code="a">CLIITBBS</subfield>
    <subfield code="b">CLIITBBS</subfield>
    <subfield code="d">2025-01-09</subfield>
    <subfield code="e">39</subfield>
    <subfield code="g">18161.96</subfield>
    <subfield code="l">0</subfield>
    <subfield code="o">519.20246213 LEO/P</subfield>
    <subfield code="p">TB12141</subfield>
    <subfield code="r">2025-01-09 00:00:00</subfield>
    <subfield code="v">24879.40</subfield>
    <subfield code="w">2025-01-09</subfield>
    <subfield code="y">TB</subfield>
  </datafield>
  <datafield tag="952" ind1=" " ind2=" ">
    <subfield code="0">0</subfield>
    <subfield code="1">0</subfield>
    <subfield code="2">ddc</subfield>
    <subfield code="4">0</subfield>
    <subfield code="7">0</subfield>
    <subfield code="8">SES</subfield>
    <subfield code="a">CLIITBBS</subfield>
    <subfield code="b">CLIITBBS</subfield>
    <subfield code="d">2025-01-09</subfield>
    <subfield code="e">39</subfield>
    <subfield code="g">18161.96</subfield>
    <subfield code="l">0</subfield>
    <subfield code="p">TB12142</subfield>
    <subfield code="r">2025-01-09 00:00:00</subfield>
    <subfield code="v">24879.40</subfield>
    <subfield code="w">2025-01-09</subfield>
    <subfield code="y">TB</subfield>
  </datafield>
  <datafield tag="952" ind1=" " ind2=" ">
    <subfield code="0">0</subfield>
    <subfield code="1">0</subfield>
    <subfield code="2">ddc</subfield>
    <subfield code="4">0</subfield>
    <subfield code="7">0</subfield>
    <subfield code="8">SES</subfield>
    <subfield code="a">CLIITBBS</subfield>
    <subfield code="b">CLIITBBS</subfield>
    <subfield code="d">2025-01-09</subfield>
    <subfield code="e">39</subfield>
    <subfield code="g">18161.96</subfield>
    <subfield code="l">1</subfield>
    <subfield code="o">519.20246213 LEO/P</subfield>
    <subfield code="p">TB12140</subfield>
    <subfield code="q">2026-01-30</subfield>
    <subfield code="r">2025-07-25 15:11:22</subfield>
    <subfield code="s">2025-07-25</subfield>
    <subfield code="v">24879.40</subfield>
    <subfield code="w">2025-01-09</subfield>
    <subfield code="y">TB</subfield>
  </datafield>
</record>
